000
00294nam a2200109Ia 4500
008
190914s9999||||xx |||||||||||||| ||und||
100
_a
Dr.Haluk Nurbaki
245
0
_a
Verses From The Holy Koran and the Facts of Science
260
_a
New Jersey
_b
Prentice Hall
_c
1996
300
_a
176
942
_c
BK
999
_c
9396
_d
9396